000 00752nam a22002177a 4500
999 _c20390
_d20390
003 AR-CdUCM
008 190516b ||||| |||| 00| 0 spad
040 _aMUNICIPALIDAD PROVINCIAL DEL CUSCO
_cBIBLIOTECA MUNICIPAL DEL CUSCO
082 _a530 /
_bE27
100 _aEfron, Alexander
_939994
245 _aEl mundo del sonido /
260 _aBuenos Aires :
_bBell,
_c1971.
300 _a71 paginas ;
_bIlustraciones,
_c23 cm.
505 _aContenido : Introducción al sonido -- Oido, lenguaje y música -- Mecánica del movimiento ondulatorio...
650 _aEl sonido
_940208
650 _aBarrera del sonido
_940209
650 _aLa percepción del sonido
_940210
700 _aJauregui, Jorge R.
_942645
942 _2ddc
_cLIBROS
945 _arcc